UM Logo

CPA examination in practical accounting 2/ (Record no. 16095)

MARC details
000 -LEADER
fixed length control field 00587nam a22001697a 4500
008 - FIXED-LENGTH DATA ELEMENTS--GENERAL INFORMATION
fixed length control field 210419b ||||| |||| 00| 0 eng d
020 ## - INTERNATIONAL STANDARD BOOK NUMBER
International Standard Book Number 9719919858
082 ## - DEWEY DECIMAL CLASSIFICATION NUMBER
Edition number 2015
Classification number DFil 657.076
Item number D334
100 ## - MAIN ENTRY--PERSONAL NAME
Personal name Dayag, Antonio J.
9 (RLIN) 43129
245 ## - TITLE STATEMENT
Title CPA examination in practical accounting 2/
Statement of responsibility, etc. Antonio J. Dayag
250 ## - EDITION STATEMENT
Edition statement 2015 ed.
260 ## - PUBLICATION, DISTRIBUTION, ETC. (IMPRINT)
Place of publication, distribution, etc. Manila:
Name of publisher, distributor, etc. GIC Enterprises,
Date of publication, distribution, etc. ©2015.
300 ## - PHYSICAL DESCRIPTION
Extent vii, 1123 pages;
Dimensions 23 cm.
500 ## - GENERAL NOTE
General note Practical accounting 2 : CPA examination : including PFRS for SMEs
650 ## - SUBJECT ADDED ENTRY--TOPICAL TERM
Topical term or geographic name as entry element Accounting -- Problems, exercises, etc.
9 (RLIN) 31634
942 ## - ADDED ENTRY ELEMENTS (KOHA)
Source of classification or shelving scheme Dewey Decimal Classification
Koha item type Filipiniana
Holdings
Withdrawn status Lost status Source of classification or shelving scheme Damaged status Not for loan Collection code Home library Current library Shelving location Date acquired Source of acquisition Total Checkouts Full call number Barcode Date last seen Date last checked out Price effective from Koha item type
    Dewey Decimal Classification     Filipiniana UM Digos College - LIC UM Digos College - LIC Book Cart 02/16/2021 Purchased 14 DFil 657.076 D334 2015 26094 04/13/2026 04/10/2026 04/19/2021 Filipiniana